000 00515nmm a2200169Ia 4500
008 251105s9999||||xx |||||||||||||||||und||
020 _a9788446045182
041 _aspa
100 _aForcades i Vila, Teresa
245 0 _aLos retos del Papa Francisco: Movimientos de renovación en la Iglesia católica actual
264 _a[Madrid, España] :
_bAkal,
_c2017
300 _a192 páginas
490 _aA fondo
650 _aReligion(s)
856 _uhttps://public.digitaliapublishing.com/a/52400
942 _cCF
999 _c83111
_d83111